00725nam a2200157Ia 4500008004100000020001800041050001600059100003700075245008100112260004700193300003500240504005500275505015400330650002600484650005700510120603s2013 mx a 000 0 spa d a9786074483109 4aRA440bS3591 aSánchez Tejeda, Jesúsdautor10aEducación para la saludb: una introducciónc / Jesús Sánchez Tejeda3 aMéxicob: Edere : Manual Modernoc, 2013 a319 páginasb: ilustraciones aIncluye lista de fuentes consultadas (pp. 315-317)1 aBases de anatomía y fisiología La salud del individuo y de la comunidad La salud en los diferentes grupos de edad La salud y el desarrollo social14aEDUCACIÓN SANITARIA aCIENCIAS MÉDICASxESTUDIO Y ENSEÑANZA (SUPERIOR)